000 00452 a2200133 4500
020 _a0060429941 (pbk.)
082 _a620.0028542 HUE
100 _aHuelsman, Lawrence P.
245 _aEngineering and scientific computations in PASCAL /
_cLawrence P. Huelsman.
260 _aNew York :
_bHarper & Row,
_cc1986.
300 _axiv, 285 p. :
_bill. ;
_c24 cm.
650 _aEngineering
_xData processing.
650 _aPascal (Computer program language)
650 _aComputer programming.
999 _c742
_d742